书目信息 |
| 题名: |
房屋建筑工程管理与实务题库
|
|
| 作者: | 《房屋建筑工程管理与实务题库》编写委员会 编写 | |
| 分册: | ||
| 出版信息: | 北京 中国建材工业出版社 2005.01 |
|
| 页数: | 261页 | |
| 开本: | 26cm | |
| 丛书名: | ||
| 单 册: | ||
| 中图分类: | TU2-44 , TU71-44 | |
| 科图分类: | ||
| 主题词: | 建筑工程--jian zhu gong cheng--建筑师--考核--习题 , 建筑工程--施工管理 | |
| 电子资源: | ||
| ISBN: | 7-80159-821-0 | |
| 000 | 01063nam0 2200277 450 | |
| 001 | CAL 012005034697 | |
| 005 | 20091110113501.04 | |
| 010 | @a7-80159-821-0@dCNY30.00 | |
| 099 | @aCAL 012005034697 | |
| 100 | @a20050406d2005 ekmy0chiy0121 ea | |
| 101 | 0 | @achi |
| 102 | @aCN@b110000 | |
| 105 | @aak q 000yy | |
| 200 | 1 | @a房屋建筑工程管理与实务题库@Afang wu jian zhu gong cheng guan li yu shi wu ti ku@f《房屋建筑工程管理与实务题库》编写委员会编写@F《fang wu jian zhu gong cheng guan li yu shi wu ti ku》bian xie wei yuan hui bian xie |
| 210 | @a北京@c中国建材工业出版社@d2005.01 | |
| 215 | @a261页@c图@d26cm | |
| 333 | @a二级建造师执业资格考试辅导用书 | |
| 606 | 0 | @a建筑工程@Ajian zhu gong cheng@x建筑师@x考核@j习题 |
| 606 | 0 | @a建筑工程@x施工管理 |
| 690 | @aTU2-44@v4 | |
| 690 | @aTU71-44@v3 | |
| 701 | 0 | @a《房屋建筑工程管理与实务题库》编写委员会@A《fang wu jian zhu gong cheng guan li yu shi wu ti ku》bian xie wei yuan hui@4编写 |
| 801 | 0 | @aCN@bXMU@c20091110 |
| 905 | @a10447@dTU71-44@eF290 | |
| 906 | @dCNY30.00@n0@r1 | |
| 998 | @aXMU | |
| 房屋建筑工程管理与实务题库/《房屋建筑工程管理与实务题库》编写委员会编写.-北京:中国建材工业出版社,2005.01 |
| 261页:图;26cm |
| 使用对象:二级建造师执业资格考试辅导用书 |
| ISBN 7-80159-821-0:CNY30.00 |
| ● |
| 相关链接 |
|
|
|
正题名:房屋建筑工程管理与实务题库
索取号:TU71-44/F290
 
预约/预借
| 序号 | 登录号 | 条形码 | 馆藏地/架位号 | 状态 | 备注 |
| 1 | 531871 | 205318716 | 建筑库201/201建筑库 17排1列4层/ [索取号:TU71-44/F290] | 在馆 | |
| 2 | 531872 | 205318725 | 建筑库201/ [索取号:TU71-44/F290] | 在馆 | |
| 3 | 531873 | 205318734 | 自科二线404/404自科库 4排4列2层/ [索取号:TU71-44/F290] | 在馆 | |
| 4 | 531874 | 205318743 | 管理学院资料室/101建筑库 54排5列2层/ [索取号:TU71-44/F290] | 在馆 | |
| 5 | 531875 | 205318752 | 管理学院资料室/101建筑库 54排5列2层/ [索取号:TU71-44/F290] | 在馆 | |
| 6 | 540376 | 205403767 | 建筑库201/201建筑库 17排1列4层/ [索取号:TU71-44/F290] | 在馆 | |
| 7 | 540377 | 205403776 | 建筑库201/201建筑库 17排1列4层/ [索取号:TU71-44/F290] | 在馆 | |
| 8 | 540378 | 205403785 | 管理学院资料室/101建筑库 54排5列2层/ [索取号:TU71-44/F290] | 在馆 |